000 00403nam a2200169Ia 4500
008 230524s9999 xx 000 0 und d
082 _a5.133
_bJAN
100 _aGilles Brassard
245 0 _aFundamentals of Algorithmics
250 _a5TH
260 _aNEW DELHI
_bPHI
_c2006
300 _aXVII;757
500 _aQuantity Number: 2
650 _aComp-Sc
700 _a Paul Bratley
942 _cBK
999 _c36268
_d36268